LEADER 00818nam a2200241 i 4500 001 991003969759707536 005 20020506111634.0 008 000908s1912 it ||| | ita 035 $ab10581157-39ule_inst 035 $aEXGIL129997$9ExL 040 $aBiblioteca Interfacoltà$bita 082 0 $a851.7 100 1 $aGiusti, Giuseppe$0432117 245 10$aPoesie scelte /$cGiuseppe Giusti ; con commento di Plinio Carli 260 $aFirenze :$bSansoni,$c1912 300 $a270 p. 700 1 $aCarli, Plinio 907 $a.b10581157$b02-04-14$c27-06-02 912 $a991003969759707536 945 $aLE002 It. XIII E 14$g1$i2002000961174$lle002$o-$pE0.00$q-$rn$so $t0$u0$v0$w0$x0$y.i10664890$z27-06-02 996 $aPoesie scelte$9158868 997 $aUNISALENTO 998 $ale002$b01-01-00$cm$da $e-$fita$git $h0$i1